000 00807nam a2200265Ia 4500
003 OSt
005 20221005081241.0
006 a|||||r|||| 00| 0
007 ta
008 221004b |||||||| |||| 00| 0 urd d
020 _a812300401X (pbk)
_cINR 54.00
024 _a68009
037 _b2378, 19/02/2020, M.R.Publications
_cTextual
040 _aCRL
_cCRL
_burd
041 _2urd
_aurd
082 _aT(Q7).2, 168N6
100 _aDesai Ziauddin Au.
_9610924
245 0 _aHindustan men islami uloom ke marakiz
260 _aNew Delhi
_bPublication division India
_c1996
300 _a123p.
_ccm.
650 _a ISLAM
650 _aEDUCATION - INDIA
942 _hT(Q7).2, 168N6
_cTEXL
_2cc
999 _c987442
_d987442